Основы квантовой механики: учебное пособие

書誌詳細
第一著者: Тарасов Л. В. Лев Васильевич
要約:В настоящей книге дано обстоятельное и систематическое изложение основ нерелятивистской квантовой механики, предназначенное для лиц, впервые знакомящихся с предметом. В первой главе в качестве введения в квантовую механику рассмотрена специфика физики микрообъектов. Во второй главе на основе представлений об амплитудах вероятностей рассмотрены вопросы физики микроявлений (интерференция амплитуд, принцип суперпозиции, специфика измерительного акта, причинность в квантовой механике); подробно проанализированы простейшие квантовомеханические системы — микрообъекты с двумя базисными состояниями. В третьей главе рассмотрен аппарат квантовой механики как синтез физических идей и теории линейных операторов. Для демонстрации работы аппарата приведен ряд специально отобранных примеров и задач. Предназначается для студентов технических и педагогических вузов, а также может быть использована инженерами различного профиля.
言語:ロシア語
出版事項: Москва, Изд-во ЛКИ, 2008
版:2-е изд.
主題:
フォーマット: 図書
KOHA link:https://koha.lib.tpu.ru/cgi-bin/koha/opac-detail.pl?biblionumber=140697

MARC

LEADER 00000nam0a2200000 4500
001 140697
005 20231031142131.0
010 |a 9785382004792 
035 |a (RuTPU)RU\TPU\book\152429 
090 |a 140697 
100 |a 20080704d2008 m y0rusy50 ca 
101 0 |a rus 
102 |a RU 
105 |a a j 001zy 
200 1 |a Основы квантовой механики  |e учебное пособие  |f Л. В. Тарасов 
205 |a 2-е изд. 
210 |a Москва  |c Изд-во ЛКИ  |d 2008 
215 |a 288 с.  |c ил. 
320 |a Литература: с. 280-281. 
320 |a Предметный указатель: с. 282-285. 
330 |a В настоящей книге дано обстоятельное и систематическое изложение основ нерелятивистской квантовой механики, предназначенное для лиц, впервые знакомящихся с предметом. В первой главе в качестве введения в квантовую механику рассмотрена специфика физики микрообъектов. Во второй главе на основе представлений об амплитудах вероятностей рассмотрены вопросы физики микроявлений (интерференция амплитуд, принцип суперпозиции, специфика измерительного акта, причинность в квантовой механике); подробно проанализированы простейшие квантовомеханические системы — микрообъекты с двумя базисными состояниями. В третьей главе рассмотрен аппарат квантовой механики как синтез физических идей и теории линейных операторов. Для демонстрации работы аппарата приведен ряд специально отобранных примеров и задач. Предназначается для студентов технических и педагогических вузов, а также может быть использована инженерами различного профиля. 
610 1 |a квантовая механика 
610 1 |a учебные пособия 
610 1 |a микрообъекты 
610 1 |a физика 
610 1 |a электроны 
610 1 |a магнитные поля 
610 1 |a переходы 
610 1 |a линейные операторы 
610 1 |a микроявления 
675 |a 530.145.6(075.8)  |v 3 
700 1 |a Тарасов  |b Л. В.  |g Лев Васильевич 
801 1 |a RU  |b 63413507  |c 20080704  |g PSBO 
801 2 |a RU  |b 63413507  |c 20150526  |g PSBO 
900 |a Квантовая механика 
942 |c BK 
952 |a 510000  |a 550000 
959 |a 69/20080701  |d 5  |e 147,00  |f АНЛ:1  |f ЧЗТЛ:1  |f УФ:3